| 000 | 00365nam a22001337a 4500 | ||
|---|---|---|---|
| 999 |
_c520530 _d520530 |
||
| 008 | 220919b ||||| |||| 00| 0 eng d | ||
| 100 |
_aRanade, V.S _934429 |
||
| 245 | _aBridge on the bay | ||
| 260 | _aJournal of Defense Studies | ||
| 300 | _a16(1), Jan-Mar, 2022: p.63-72 | ||
| 773 | _aJournal of Defense Studies | ||
| 906 | _aARMED FORCES | ||
| 942 | _cAR | ||